000 00375nam a22001457a 4500
003 macl
005 20180421123149.0
008 180421b xxu||||| |||| 00| 0 eng d
040 _cMACL
100 _aGodabarisha mishra
_972190
245 _aVedanta without maya
260 _aDelhi
_bmotilal banarsidass publishers
_c2015
650 _aPhilosophical
_972191
942 _2ddc
_cBK
999 _c57833
_d57833